000 00651nam a22001937a 4500
003 BD-DhUL
005 20170806123801.0
008 170806s1988 le ||||| |||| 000 0 ara d
040 _aBD-DhUL
_cBD-DhUL
082 _a892.71
_bABD
100 1 _aعبد الصبور، صلاح
245 0 _aدیورن صلاح عبد الصبور : المجلد الاول والثانی /
_cصلاح عبد الصبور۔
246 _aDiwān-e- Selāḥ Abdus Sabūr. Vol.1-2.
260 _aبیروت :
_bدارالعودۃ،
_c۱۹۸۸۔
300 _aجلد ۱-۲ ؛
_c۱۷ سم۔
365 _aDH
_b55.00
650 0 _aArabic Poetry.
942 _2ddc
_cBK
999 _c213102
_d213102